[Event "Masters Tournament (MTO)"]
[Site "Biel, CH"]
[Date "2025.07.18"]
[Round "5"]
[White "Hirzel, Cedric"]
[Black "Vincenti, Leonardo"]
[Result "0-1"]
[Board "26"]
[WhiteFideId "1341910"]
[BlackFideId "28550820"]
[BlackTitle "CM"]
[WhiteElo "2141"]
[BlackElo "2265"]
[WhiteTeam "SUI"]
[BlackTeam "ITA"]
[WhiteClock "0:02:07"]
[BlackClock "0:02:52"]
[Variant "Standard"]

1. d4 {[%clk 1:37:27]}  d5 {[%clk 1:40:58]} 2. Nf3 {[%clk 1:37:04]}  Nf6 {[%clk 1:39:18]} 3. c4 {[%clk 1:37:04]}  e6 {[%clk 1:40:28]} 4. Nc3 {[%clk 1:36:40]}  Be7 {[%clk 1:37:33]} 5. Bf4 {[%clk 1:36:53]}  O-O {[%clk 1:37:45]} 6. e3 {[%clk 1:37:18]}  c5 {[%clk 1:37:45]} 7. dxc5 {[%clk 1:37:28]}  Bxc5 {[%clk 1:38:11]} 8. a3 {[%clk 1:36:44]}  Nc6 {[%clk 1:38:33]} 9. Qc2 {[%clk 1:37:07]}  Qa5 {[%clk 1:38:04]} 10. O-O-O {[%clk 1:37:03]}  Be7 {[%clk 1:26:35]} 11. g4 {[%clk 1:29:52]}  dxc4 {[%clk 1:24:23]} 12. Bxc4 {[%clk 1:30:13]}  e5 {[%clk 1:21:05]} 13. g5 {[%clk 1:29:03]}  Nd7 {[%clk 1:16:23]} 14. Rd5 {[%clk 1:12:39]}  Bc5 {[%clk 0:54:58]} 15. Ne4 {[%clk 0:41:15]}  Ne7 {[%clk 0:25:36]} 16. Rd3 {[%clk 0:13:29]}  exf4 {[%clk 0:23:50]} 17. b4 {[%clk 0:12:48]}  Bxb4 {[%clk 0:23:00]} 18. axb4 {[%clk 0:13:17]}  Qxb4 {[%clk 0:15:55]} 19. Rg1 {[%clk 0:11:49]}  Ng6 {[%clk 0:12:14]} 20. Nd6 {[%clk 0:05:37]}  Nde5 {[%clk 0:09:51]} 21. Nxe5 {[%clk 0:04:30]}  Nxe5 {[%clk 0:10:20]} 22. Rd4 {[%clk 0:02:44]}  Nxc4 {[%clk 0:09:21]} 23. Qxc4 {[%clk 0:02:44]}  Qa3+ {[%clk 0:08:44]} 24. Kd2 {[%clk 0:02:09]}  Be6 {[%clk 0:08:33]} 25. Qc3 {[%clk 0:02:27]}  Qa2+ {[%clk 0:07:42]} 26. Qc2 {[%clk 0:02:45]}  fxe3+ {[%clk 0:07:49]} 27. fxe3 {[%clk 0:03:06]}  Qa5+ {[%clk 0:08:06]} 28. Qc3 {[%clk 0:03:22]}  Qe5 {[%clk 0:07:01]} 29. Rg3 {[%clk 0:03:44]}  Rad8 {[%clk 0:04:52]} 30. Nxb7 {[%clk 0:03:13]}  Rc8 {[%clk 0:04:13]} 31. Qa5 {[%clk 0:03:22]}  Qb8 {[%clk 0:04:40]} 32. Qb5 {[%clk 0:03:07]}  Qc7 {[%clk 0:04:42]} 33. Qb2 {[%clk 0:01:48]}  Rb8 {[%clk 0:05:03]} 34. Rb4 {[%clk 0:02:07]}  a5 {[%clk 0:02:52]} 0-1

[Event "Masters Tournament (MTO)"]
[Site "Biel, CH"]
[Date "2025.07.18"]
[Round "5"]
[White "Cervelli, Eduard"]
[Black "Chen, Zhi"]
[Result "1/2-1/2"]
[Board "27"]
[WhiteFideId "1351800"]
[BlackFideId "8619549"]
[WhiteElo "2086"]
[BlackElo "2246"]
[WhiteTeam "SUI"]
[BlackTeam "CHN"]
[WhiteClock "0:20:43"]
[BlackClock "0:25:11"]
[Variant "Standard"]

1. e4 {[%clk 1:40:57]}  e5 {[%clk 1:40:45]} 2. Nf3 {[%clk 1:41:17]}  Nc6 {[%clk 1:41:01]} 3. Bc4 {[%clk 1:41:29]}  Nf6 {[%clk 1:41:08]} 4. d3 {[%clk 1:41:46]}  h6 {[%clk 1:41:05]} 5. O-O {[%clk 1:41:38]}  Be7 {[%clk 1:41:10]} 6. Nc3 {[%clk 1:38:11]}  d6 {[%clk 1:41:06]} 7. a4 {[%clk 1:37:38]}  O-O {[%clk 1:41:06]} 8. Re1 {[%clk 1:26:31]}  Be6 {[%clk 1:25:28]} 9. Nd5 {[%clk 1:18:28]}  Re8 {[%clk 1:23:21]} 10. c3 {[%clk 1:33:17]}  Bf8 {[%clk 1:21:44]} 11. a5 {[%clk 1:31:05]}  Rb8 {[%clk 1:11:39]} 12. b4 {[%clk 1:28:06]}  Bxd5 {[%clk 1:06:39]} 13. exd5 {[%clk 1:28:15]}  Ne7 {[%clk 1:07:05]} 14. Qb3 {[%clk 1:27:51]}  c6 {[%clk 1:07:28]} 15. dxc6 {[%clk 1:21:51]}  d5 {[%clk 1:07:52]} 16. Bb5 {[%clk 1:19:15]}  bxc6 {[%clk 1:06:44]} 17. Ba4 {[%clk 1:19:03]}  Ng6 {[%clk 1:03:45]} 18. Bxc6 {[%clk 1:14:45]}  Re6 {[%clk 1:04:08]} 19. Ba4 {[%clk 1:14:12]}  d4 {[%clk 1:03:16]} 20. Bd2 {[%clk 1:11:24]}  Nd5 {[%clk 0:56:22]} 21. b5 {[%clk 1:08:44]}  dxc3 {[%clk 0:53:53]} 22. Bxc3 {[%clk 1:09:48]}  Nxc3 {[%clk 0:53:51]} 23. Qxc3 {[%clk 1:10:10]}  Rc8 {[%clk 0:54:05]} 24. Qd2 {[%clk 1:07:54]}  Rd6 {[%clk 0:52:19]} 25. Rad1 {[%clk 1:07:44]}  Rd5 {[%clk 0:52:19]} 26. Re4 {[%clk 0:45:13]}  Qf6 {[%clk 0:41:27]} 27. d4 {[%clk 0:46:39]}  Rcd8 {[%clk 0:39:32]} 28. Qc3 {[%clk 0:44:29]}  exd4 {[%clk 0:20:51]} 29. Rdxd4 {[%clk 0:42:37]}  Rxd4 {[%clk 0:34:48]} 30. Rxd4 {[%clk 0:30:17]}  Nf4 {[%clk 0:32:30]} 31. Kf1 {[%clk 0:26:36]}  Ne6 {[%clk 0:28:28]} 32. Rc4 {[%clk 0:24:15]}  Qxc3 {[%clk 0:25:49]} 33. Rxc3 {[%clk 0:24:39]}  Bb4 {[%clk 0:26:14]} 34. Rc1 {[%clk 0:21:24]}  Bxa5 {[%clk 0:26:38]} 35. Bb3 {[%clk 0:20:36]}  Nd4 {[%clk 0:25:11]} 36. Nxd4 {[%clk 0:20:43]} 1/2-1/2

[Event "Masters Tournament (MTO)"]
[Site "Biel, CH"]
[Date "2025.07.18"]
[Round "5"]
[White "Saminskij, Jan"]
[Black "Haugner, Jan"]
[Result "1-0"]
[Board "28"]
[WhiteFideId "1346962"]
[BlackFideId "24655244"]
[WhiteElo "2230"]
[BlackElo "2066"]
[WhiteTeam "SUI"]
[BlackTeam "GER"]
[WhiteClock "0:24:06"]
[BlackClock "0:19:41"]
[Variant "Standard"]

1. e4 {[%clk 1:39:55]}  c5 {[%clk 1:40:56]} 2. Nf3 {[%clk 1:39:44]}  d6 {[%clk 1:40:33]} 3. Bb5+ {[%clk 1:39:49]}  Nd7 {[%clk 1:41:47]} 4. Ba4 {[%clk 1:40:08]}  Ngf6 {[%clk 1:41:13]} 5. O-O {[%clk 1:40:12]}  e6 {[%clk 1:42:02]} 6. d3 {[%clk 1:39:36]}  Be7 {[%clk 1:41:56]} 7. c4 {[%clk 1:39:32]}  O-O {[%clk 1:42:19]} 8. Nc3 {[%clk 1:41:26]}  Ne5 {[%clk 1:40:15]} 9. Nxe5 {[%clk 1:41:38]}  dxe5 {[%clk 1:40:44]} 10. f4 {[%clk 1:41:56]}  exf4 {[%clk 1:39:34]} 11. Bxf4 {[%clk 1:40:02]}  Qd4+ {[%clk 1:33:29]} 12. Kh1 {[%clk 1:24:00]}  Bd7 {[%clk 1:23:55]} 13. Bxd7 {[%clk 1:19:26]}  Qxd7 {[%clk 1:23:04]} 14. e5 {[%clk 1:28:35]}  Ne8 {[%clk 1:22:27]} 15. Qe2 {[%clk 1:12:15]}  f5 {[%clk 1:20:16]} 16. exf6 {[%clk 1:25:04]}  Rxf6 {[%clk 1:17:30]} 17. Ne4 {[%clk 1:22:23]}  Rg6 {[%clk 1:11:29]} 18. Be3 {[%clk 1:08:49]}  Rc8 {[%clk 1:08:07]} 19. Qf2 {[%clk 1:06:37]}  Nf6 {[%clk 0:59:39]} 20. Bxc5 {[%clk 1:02:02]}  Qxd3 {[%clk 0:42:59]} 21. Bxe7 {[%clk 1:04:07]}  Qxe4 {[%clk 0:43:16]} 22. b3 {[%clk 0:57:56]}  Re8 {[%clk 0:38:11]} 23. Bd6 {[%clk 0:54:42]}  Qc6 {[%clk 0:27:11]} 24. c5 {[%clk 0:51:17]}  e5 {[%clk 0:15:44]} 25. b4 {[%clk 0:42:30]}  h5 {[%clk 0:06:46]} 26. Qe2 {[%clk 0:33:57]}  Rg4 {[%clk 0:18:31]} 27. a3 {[%clk 0:31:38]}  a6 {[%clk 0:16:13]} 28. Rae1 {[%clk 0:29:27]}  Kh8 {[%clk 0:12:21]} 29. Rf5 {[%clk 0:15:57]}  Rf4 {[%clk 0:09:34]} 30. Rxe5 {[%clk 0:17:52]}  Re4 {[%clk 0:07:48]} 31. Qf1 {[%clk 0:13:54]}  Rxe1 {[%clk 0:05:19]} 32. Qxe1 {[%clk 0:12:33]}  Rxe5 {[%clk 0:04:46]} 33. Bxe5 {[%clk 0:11:36]}  Ng4 {[%clk 0:01:04]} 34. h3 {[%clk 0:11:43]}  Nh6 {[%clk 0:01:02]} 35. Qf2 {[%clk 0:10:54]}  Qd7 {[%clk 0:00:48]} 36. Qf3 {[%clk 0:10:16]}  h4 {[%clk 0:00:03]} 37. Qh5 {[%clk 0:09:52]}  Qe6 {[%clk 0:01:00]} 38. Bc3 {[%clk 0:08:29]}  Kg8 {[%clk 0:00:42]} 39. Qxh4 {[%clk 0:08:03]}  Nf5 {[%clk 0:01:06]} 40. Qf4 {[%clk 0:08:02]}  Qd5 {[%clk 0:30:00]} 41. Qe5 {[%clk 0:03:16]}  Qd1+ {[%clk 0:25:42]} 42. Kh2 {[%clk 0:02:54]}  Qf1 {[%clk 0:24:48]} 43. a4 {[%clk 0:36:12]}  Qf2 {[%clk 0:12:51]} 44. b5 {[%clk 0:35:01]}  axb5 {[%clk 0:20:07]} 45. axb5 {[%clk 0:24:57]}  Kf7 {[%clk 0:20:12]} 46. Be1 {[%clk 0:22:51]}  Qf1 {[%clk 0:19:41]} 47. c6 {[%clk 0:24:06]} 1-0

[Event "Masters Tournament (MTO)"]
[Site "Biel, CH"]
[Date "2025.07.18"]
[Round "5"]
[White "Hoffmann, Achim Gunter"]
[Black "Chen, Muxi"]
[Result "1-0"]
[Board "29"]
[WhiteFideId "3203840"]
[BlackFideId "8626073"]
[WhiteElo "2045"]
[BlackElo "2224"]
[WhiteTeam "AUS"]
[BlackTeam "CHN"]
[WhiteClock "0:20:10"]
[BlackClock "0:01:27"]
[Variant "Standard"]

1. e4 {[%clk 1:40:56]}  c5 {[%clk 1:40:49]} 2. Nc3 {[%clk 1:38:24]}  Nc6 {[%clk 1:40:53]} 3. f4 {[%clk 1:38:23]}  g6 {[%clk 1:41:06]} 4. Nf3 {[%clk 1:38:34]}  Bg7 {[%clk 1:41:26]} 5. g3 {[%clk 1:36:36]}  d6 {[%clk 1:39:44]} 6. Bg2 {[%clk 1:35:28]}  e6 {[%clk 1:39:20]} 7. O-O {[%clk 1:35:14]}  Nge7 {[%clk 1:39:29]} 8. Ne2 {[%clk 1:33:16]}  O-O {[%clk 1:34:09]} 9. d3 {[%clk 1:27:49]}  d5 {[%clk 1:29:36]} 10. e5 {[%clk 1:24:40]}  f6 {[%clk 1:26:47]} 11. exf6 {[%clk 1:24:12]}  Bxf6 {[%clk 1:27:10]} 12. c3 {[%clk 1:20:46]}  b6 {[%clk 1:14:32]} 13. d4 {[%clk 1:16:12]}  Ba6 {[%clk 1:13:55]} 14. Re1 {[%clk 1:16:05]}  Nf5 {[%clk 1:09:50]} 15. g4 {[%clk 1:07:47]}  Nh4 {[%clk 0:59:14]} 16. Nxh4 {[%clk 1:07:40]}  Bxh4 {[%clk 0:59:35]} 17. Ng3 {[%clk 1:07:21]}  Bf6 {[%clk 0:42:17]} 18. dxc5 {[%clk 1:05:14]}  Re8 {[%clk 0:41:09]} 19. f5 {[%clk 1:02:29]}  bxc5 {[%clk 0:35:56]} 20. fxe6 {[%clk 0:58:30]}  Ne7 {[%clk 0:37:19]} 21. Bh6 {[%clk 0:52:47]}  Qb6 {[%clk 0:30:50]} 22. Qd2 {[%clk 0:43:25]}  Rad8 {[%clk 0:26:59]} 23. Qf4 {[%clk 0:37:53]}  Rf8 {[%clk 0:26:57]} 24. Bxf8 {[%clk 0:38:05]}  Rxf8 {[%clk 0:27:21]} 25. Qd2 {[%clk 0:37:45]}  c4+ {[%clk 0:22:22]} 26. Kh1 {[%clk 0:37:20]}  d4 {[%clk 0:21:27]} 27. Ne4 {[%clk 0:32:50]}  d3 {[%clk 0:20:55]} 28. Qe3 {[%clk 0:30:05]}  Qxb2 {[%clk 0:18:24]} 29. Nxf6+ {[%clk 0:28:29]}  Rxf6 {[%clk 0:18:47]} 30. Qd4 {[%clk 0:22:21]}  Rxe6 {[%clk 0:10:37]} 31. Rf1 {[%clk 0:27:04]}  Qb8 {[%clk 0:07:57]} 32. Rab1 {[%clk 0:27:06]}  Qe8 {[%clk 0:06:15]} 33. Qf4 {[%clk 0:20:25]}  Rb6 {[%clk 0:01:52]} 34. Rbe1 {[%clk 0:18:15]}  Rb2 {[%clk 0:01:04]} 35. Bd5+ {[%clk 0:19:41]}  Kg7 {[%clk 0:01:12]} 36. Qe5+ {[%clk 0:19:50]}  Kh6 {[%clk 0:01:27]} 37. g5+ {[%clk 0:20:10]} 1-0

[Event "Masters Tournament (MTO)"]
[Site "Biel, CH"]
[Date "2025.07.18"]
[Round "5"]
[White "Rappazzo, Johannes"]
[Black "Guretchii, Kirill"]
[Result "1/2-1/2"]
[Board "30"]
[WhiteFideId "1340069"]
[BlackFideId "13911872"]
[WhiteTitle "FM"]
[WhiteElo "2213"]
[BlackElo "2029"]
[WhiteTeam "SUI"]
[BlackTeam "MDA"]
[WhiteClock "0:13:39"]
[BlackClock "0:56:40"]
[Variant "Standard"]

1. e4 {[%clk 1:40:58]}  e5 {[%clk 1:40:54]} 2. Nf3 {[%clk 1:41:26]}  Nc6 {[%clk 1:41:18]} 3. Bb5 {[%clk 1:41:53]}  Nf6 {[%clk 1:41:36]} 4. O-O {[%clk 1:42:16]}  Nxe4 {[%clk 1:42:01]} 5. Re1 {[%clk 1:42:43]}  Nd6 {[%clk 1:42:24]} 6. a4 {[%clk 1:43:07]}  Be7 {[%clk 1:40:14]} 7. Nc3 {[%clk 1:43:32]}  O-O {[%clk 1:36:02]} 8. d4 {[%clk 1:43:54]}  e4 {[%clk 1:33:59]} 9. Nxe4 {[%clk 1:44:18]}  Nxe4 {[%clk 1:34:22]} 10. Rxe4 {[%clk 1:44:43]}  d5 {[%clk 1:34:46]} 11. Re1 {[%clk 1:45:08]}  Bg4 {[%clk 1:33:31]} 12. Bxc6 {[%clk 1:45:02]}  bxc6 {[%clk 1:33:52]} 13. Qd3 {[%clk 1:45:28]}  c5 {[%clk 1:25:04]} 14. Ne5 {[%clk 1:43:32]}  Be6 {[%clk 1:20:54]} 15. Nc6 {[%clk 1:39:01]}  Qd6 {[%clk 1:20:19]} 16. Nxe7+ {[%clk 1:39:19]}  Qxe7 {[%clk 1:20:41]} 17. dxc5 {[%clk 1:07:40]}  Qxc5 {[%clk 1:15:41]} 18. Bf4 {[%clk 0:48:34]}  Rab8 {[%clk 1:06:23]} 19. Be5 {[%clk 0:36:41]}  Qc4 {[%clk 1:03:30]} 20. Qg3 {[%clk 0:27:24]}  Qg4 {[%clk 1:03:33]} 21. Qc3 {[%clk 0:26:27]}  Qc4 {[%clk 0:48:02]} 22. Bxg7 {[%clk 0:23:06]}  Qxc3 {[%clk 0:48:26]} 23. Bxc3 {[%clk 0:23:32]}  c5 {[%clk 0:48:32]} 24. Bf6 {[%clk 0:15:20]}  h6 {[%clk 0:45:31]} 25. f4 {[%clk 0:09:26]}  d4 {[%clk 0:48:28]} 26. Ra3 {[%clk 0:08:05]}  Kh7 {[%clk 0:47:12]} 27. Re5 {[%clk 0:07:07]}  Rxb2 {[%clk 0:34:58]} 28. Rg3 {[%clk 0:06:45]}  Rg8 {[%clk 0:35:11]} 29. Rxg8 {[%clk 0:06:40]}  Kxg8 {[%clk 0:35:33]} 30. f5 {[%clk 0:07:07]}  Rxc2 {[%clk 0:35:57]} 31. fxe6 {[%clk 0:06:07]}  fxe6 {[%clk 0:36:22]} 32. Rxe6 {[%clk 0:05:08]}  d3 {[%clk 0:35:36]} 33. Rd6 {[%clk 0:04:40]}  d2 {[%clk 0:35:08]} 34. Kf1 {[%clk 0:04:00]}  c4 {[%clk 0:35:32]} 35. Ke2 {[%clk 0:03:51]}  c3 {[%clk 0:35:51]} 36. g4 {[%clk 0:03:14]}  Rc1 {[%clk 0:36:09]} 37. Bxc3 {[%clk 0:01:35]}  Rxc3 {[%clk 0:34:26]} 38. Kxd2 {[%clk 0:02:01]}  Rc4 {[%clk 0:34:18]} 39. Ra6 {[%clk 0:01:48]}  Rxg4 {[%clk 0:34:17]} 40. Rxa7 {[%clk 0:01:58]}  Rh4 {[%clk 0:31:59]} 41. a5 {[%clk 0:26:09]}  Rxh2+ {[%clk 0:55:30]} 42. Kc3 {[%clk 0:24:29]}  Ra2 {[%clk 0:55:15]} 43. Kb4 {[%clk 0:16:18]}  h5 {[%clk 0:54:54]} 44. Kb5 {[%clk 0:13:31]}  h4 {[%clk 0:54:06]} 45. Re7 {[%clk 0:12:29]}  h3 {[%clk 0:54:17]} 46. a6 {[%clk 0:12:22]}  h2 {[%clk 0:54:15]} 47. Re1 {[%clk 0:12:48]}  Rb2+ {[%clk 0:54:39]} 48. Kc6 {[%clk 0:12:45]}  Rc2+ {[%clk 0:54:58]} 49. Kb7 {[%clk 0:13:01]}  Rb2+ {[%clk 0:55:23]} 50. Kc6 {[%clk 0:12:59]}  Rc2+ {[%clk 0:55:48]} 51. Kb7 {[%clk 0:13:26]}  Rb2+ {[%clk 0:56:15]} 52. Kc6 {[%clk 0:13:39]}  Rc2+ {[%clk 0:56:40]} 1/2-1/2

[Event "Masters Tournament (MTO)"]
[Site "Biel, CH"]
[Date "2025.07.18"]
[Round "5"]
[White "Harish, Neeraj"]
[Black "Chen, Jun-Wei"]
[Result "1/2-1/2"]
[Board "31"]
[WhiteFideId "30958130"]
[BlackFideId "16304128"]
[WhiteTitle "CM"]
[WhiteElo "2212"]
[BlackElo "1906"]
[WhiteTeam "USA"]
[BlackTeam "TPE"]
[WhiteClock "0:28:39"]
[BlackClock "0:39:39"]
[Variant "Standard"]

1. c4 {[%clk 1:40:57]}  Nf6 {[%clk 1:40:51]} 2. g3 {[%clk 1:40:22]}  e6 {[%clk 1:40:48]} 3. Bg2 {[%clk 1:40:10]}  d5 {[%clk 1:40:39]} 4. Nf3 {[%clk 1:41:38]}  dxc4 {[%clk 1:40:25]} 5. Qa4+ {[%clk 1:41:35]}  Bd7 {[%clk 1:40:19]} 6. Qxc4 {[%clk 1:42:24]}  c5 {[%clk 1:40:00]} 7. Ne5 {[%clk 1:42:19]}  Qc8 {[%clk 1:39:21]} 8. Qd3 {[%clk 1:37:19]}  Nc6 {[%clk 1:37:48]} 9. Nxd7 {[%clk 1:37:06]}  Qxd7 {[%clk 1:38:08]} 10. Qxd7+ {[%clk 1:42:48]}  Kxd7 {[%clk 1:38:35]} 11. b3 {[%clk 1:41:25]}  Bd6 {[%clk 1:37:45]} 12. Bb2 {[%clk 1:40:59]}  Rac8 {[%clk 1:37:32]} 13. Nc3 {[%clk 1:38:48]}  Ke7 {[%clk 1:36:53]} 14. e3 {[%clk 1:42:20]}  Rhd8 {[%clk 1:35:48]} 15. Ke2 {[%clk 1:41:58]}  a6 {[%clk 1:32:36]} 16. f4 {[%clk 1:39:57]}  b5 {[%clk 1:25:17]} 17. Rac1 {[%clk 1:31:22]}  g6 {[%clk 1:22:46]} 18. Ne4 {[%clk 1:30:07]}  Nxe4 {[%clk 1:31:01]} 19. Bxe4 {[%clk 1:24:35]}  Rc7 {[%clk 1:26:11]} 20. g4 {[%clk 1:21:50]}  Na5 {[%clk 1:16:01]} 21. g5 {[%clk 1:17:07]}  Rdc8 {[%clk 1:15:20]} 22. Bc3 {[%clk 1:17:12]}  Nc6 {[%clk 1:12:06]} 23. h4 {[%clk 1:16:32]}  Nb4 {[%clk 0:57:03]} 24. Bb1 {[%clk 1:15:47]}  c4 {[%clk 0:55:00]} 25. h5 {[%clk 1:12:00]}  cxb3 {[%clk 0:48:35]} 26. hxg6 {[%clk 0:52:47]}  hxg6 {[%clk 1:16:07]} 27. Bf6+ {[%clk 0:52:37]}  Kd7 {[%clk 1:16:16]} 28. Rxc7+ {[%clk 0:52:58]}  Rxc7 {[%clk 1:16:34]} 29. axb3 {[%clk 0:53:21]}  Be7 {[%clk 1:08:54]} 30. Rh7 {[%clk 0:51:08]}  Ke8 {[%clk 1:07:07]} 31. Rh8+ {[%clk 0:49:43]}  Kd7 {[%clk 1:07:30]} 32. Ra8 {[%clk 0:49:21]}  Bxf6 {[%clk 0:57:43]} 33. gxf6 {[%clk 0:49:44]}  Kd6 {[%clk 0:57:36]} 34. e4 {[%clk 0:48:21]}  e5 {[%clk 0:57:54]} 35. Re8 {[%clk 0:46:31]}  Nc6 {[%clk 0:52:52]} 36. fxe5+ {[%clk 0:46:49]}  Kd7 {[%clk 0:52:59]} 37. Ra8 {[%clk 0:46:08]}  Ke6 {[%clk 0:49:08]} 38. Rxa6 {[%clk 0:43:25]}  Kxe5 {[%clk 0:49:28]} 39. Ke3 {[%clk 0:43:10]}  Nd4 {[%clk 0:47:16]} 40. Bd3 {[%clk 0:40:43]}  Nxb3 {[%clk 0:47:19]} 41. Bxb5 {[%clk 0:40:57]}  Nd4 {[%clk 0:47:41]} 42. Ba4 {[%clk 0:36:54]}  Rc5 {[%clk 0:41:26]} 43. Ra7 {[%clk 0:34:37]}  Ne6 {[%clk 0:41:42]} 44. Rxf7 {[%clk 0:33:25]}  Rc4 {[%clk 0:41:53]} 45. Be8 {[%clk 0:27:21]}  Rxe4+ {[%clk 0:40:51]} 46. Kd3 {[%clk 0:27:41]}  Rf4 {[%clk 0:40:48]} 47. Ke3 {[%clk 0:27:36]}  Rxf6 {[%clk 0:40:27]} 48. Ra7 {[%clk 0:27:52]}  g5 {[%clk 0:39:31]} 49. d4+ {[%clk 0:27:58]}  Nxd4 {[%clk 0:39:46]} 50. Ra5+ {[%clk 0:28:21]}  Ke6 {[%clk 0:39:50]} 51. Kxd4 {[%clk 0:28:46]}  Rf4+ {[%clk 0:40:10]} 52. Ke3 {[%clk 0:28:56]}  Kf6 {[%clk 0:40:29]} 53. Bc6 {[%clk 0:28:57]}  Rb4 {[%clk 0:40:27]} 54. Kf3 {[%clk 0:29:13]}  Rb3+ {[%clk 0:40:35]} 55. Kg4 {[%clk 0:29:37]}  Rb4+ {[%clk 0:41:01]} 56. Kg3 {[%clk 0:30:01]}  Rb3+ {[%clk 0:41:16]} 57. Bf3 {[%clk 0:30:23]}  Kg6 {[%clk 0:41:37]} 58. Re5 {[%clk 0:28:32]}  Kf6 {[%clk 0:41:58]} 59. Re8 {[%clk 0:28:38]}  Kf5 {[%clk 0:41:53]} 60. Rf8+ {[%clk 0:28:35]}  Kg6 {[%clk 0:42:16]} 61. Kf2 {[%clk 0:28:22]}  Rb2+ {[%clk 0:42:37]} 62. Ke3 {[%clk 0:28:45]}  Rb3+ {[%clk 0:43:02]} 63. Ke4 {[%clk 0:29:06]}  Rb4+ {[%clk 0:43:26]} 64. Ke5 {[%clk 0:29:29]}  Rb5+ {[%clk 0:43:07]} 65. Bd5 {[%clk 0:29:51]}  Kh5 {[%clk 0:43:26]} 66. Rf1 {[%clk 0:28:49]}  g4 {[%clk 0:43:00]} 67. Ke4 {[%clk 0:28:44]}  Kg5 {[%clk 0:42:49]} 68. Rf5+ {[%clk 0:29:06]}  Kh4 {[%clk 0:43:11]} 69. Kf4 {[%clk 0:29:26]}  Rb2 {[%clk 0:43:09]} 70. Re5 {[%clk 0:29:26]}  Rf2+ {[%clk 0:43:25]} 71. Ke3 {[%clk 0:29:51]}  Rf8 {[%clk 0:43:34]} 72. Be6 {[%clk 0:29:12]}  Rf3+ {[%clk 0:43:46]} 73. Ke2 {[%clk 0:29:16]}  Rf4 {[%clk 0:43:58]} 74. Bd7 {[%clk 0:29:08]}  Rb4 {[%clk 0:44:08]} 75. Bc6 {[%clk 0:29:13]}  Rb2+ {[%clk 0:44:07]} 76. Ke3 {[%clk 0:29:35]}  Rb3+ {[%clk 0:43:47]} 77. Kf4 {[%clk 0:29:55]}  Rb1 {[%clk 0:44:00]} 78. Re2 {[%clk 0:29:32]}  Rf1+ {[%clk 0:44:20]} 79. Ke3 {[%clk 0:29:56]}  Rf7 {[%clk 0:44:39]} 80. Ra2 {[%clk 0:30:00]}  Kg3 {[%clk 0:42:29]} 81. Be4 {[%clk 0:30:06]}  Rf8 {[%clk 0:40:29]} 82. Rg2 {[%clk 0:29:51]}  Kh3 {[%clk 0:40:46]} 83. Rg1 {[%clk 0:30:05]}  Rf6 {[%clk 0:40:44]} 84. Kd4 {[%clk 0:30:14]}  Rf2 {[%clk 0:39:47]} 85. Ke5 {[%clk 0:30:28]}  g3 {[%clk 0:39:50]} 86. Rh1+ {[%clk 0:28:47]}  Rh2 {[%clk 0:40:11]} 87. Ra1 {[%clk 0:29:07]}  Re2 {[%clk 0:40:09]} 88. Kf4 {[%clk 0:28:53]}  g2 {[%clk 0:40:27]} 89. Bf3 {[%clk 0:28:54]}  Ra2 {[%clk 0:39:18]} 90. Rc1 {[%clk 0:28:23]}  Kh2 {[%clk 0:39:39]} 91. Bxg2 {[%clk 0:28:39]} 1/2-1/2

[Event "Masters Tournament (MTO)"]
[Site "Biel, CH"]
[Date "2025.07.18"]
[Round "5"]
[White "Hottinger, Simon"]
[Black "Gut, Raphael"]
[Result "0-1"]
[Board "32"]
[WhiteFideId "1350552"]
[BlackFideId "1339974"]
[WhiteElo "1913"]
[BlackElo "2147"]
[WhiteTeam "SUI"]
[BlackTeam "SUI"]
[WhiteClock "0:10:17"]
[BlackClock "0:25:15"]
[Variant "Standard"]

1. e4 {[%clk 1:40:58]}  c5 {[%clk 1:40:58]} 2. Nf3 {[%clk 1:41:21]}  d6 {[%clk 1:41:27]} 3. d4 {[%clk 1:41:40]}  cxd4 {[%clk 1:41:54]} 4. Nxd4 {[%clk 1:42:02]}  Nf6 {[%clk 1:42:21]} 5. Nc3 {[%clk 1:42:24]}  a6 {[%clk 1:42:50]} 6. Be3 {[%clk 1:42:46]}  e5 {[%clk 1:43:16]} 7. Nb3 {[%clk 1:43:08]}  Be7 {[%clk 1:43:34]} 8. f3 {[%clk 1:43:28]}  Be6 {[%clk 1:43:58]} 9. Qd2 {[%clk 1:43:52]}  O-O {[%clk 1:44:23]} 10. O-O-O {[%clk 1:44:15]}  Nbd7 {[%clk 1:44:50]} 11. g4 {[%clk 1:44:06]}  b5 {[%clk 1:45:17]} 12. g5 {[%clk 1:44:28]}  Nh5 {[%clk 1:45:43]} 13. Kb1 {[%clk 1:44:51]}  Nb6 {[%clk 1:45:45]} 14. Na5 {[%clk 1:44:57]}  Qc7 {[%clk 1:42:53]} 15. h4 {[%clk 1:44:36]}  Rac8 {[%clk 1:32:05]} 16. Rh2 {[%clk 1:39:12]}  g6 {[%clk 1:05:25]} 17. Nd5 {[%clk 1:33:43]}  Nxd5 {[%clk 1:00:58]} 18. exd5 {[%clk 1:34:06]}  Bxd5 {[%clk 0:58:03]} 19. Qxd5 {[%clk 1:33:50]}  Qxa5 {[%clk 0:58:30]} 20. c4 {[%clk 1:34:11]}  Rfd8 {[%clk 0:53:42]} 21. Qb7 {[%clk 1:24:09]}  Bf8 {[%clk 0:36:38]} 22. Bb6 {[%clk 1:20:08]}  Qa4 {[%clk 0:36:44]} 23. b3 {[%clk 1:19:57]}  Qb4 {[%clk 0:36:51]} 24. Bxd8 {[%clk 1:19:50]}  Rxd8 {[%clk 0:37:19]} 25. Qxa6 {[%clk 1:10:28]}  bxc4 {[%clk 0:37:07]} 26. Bxc4 {[%clk 1:08:46]}  Nf4 {[%clk 0:35:30]} 27. Rhd2 {[%clk 1:02:31]}  Rb8 {[%clk 0:26:04]} 28. Qc6 {[%clk 0:59:27]}  Rb6 {[%clk 0:24:51]} 29. Qe4 {[%clk 0:59:00]}  Qa5 {[%clk 0:15:38]} 30. Rh2 {[%clk 0:52:47]}  Bg7 {[%clk 0:06:26]} 31. h5 {[%clk 0:38:59]}  Qa7 {[%clk 0:04:52]} 32. hxg6 {[%clk 0:37:26]}  hxg6 {[%clk 0:13:50]} 33. Rc2 {[%clk 0:35:08]}  Qe7 {[%clk 0:13:11]} 34. Qe3 {[%clk 0:30:27]}  Rb8 {[%clk 0:13:14]} 35. Rcd2 {[%clk 0:28:52]}  Rd8 {[%clk 0:12:46]} 36. a4 {[%clk 0:24:40]}  Qc7 {[%clk 0:12:10]} 37. Ra2 {[%clk 0:22:36]}  d5 {[%clk 0:12:09]} 38. Bb5 {[%clk 0:20:17]}  Qc8 {[%clk 0:10:56]} 39. a5 {[%clk 0:16:52]}  Qf5+ {[%clk 0:07:09]} 40. Bd3 {[%clk 0:17:40]}  e4 {[%clk 0:03:33]} 41. fxe4 {[%clk 0:14:51]}  dxe4 {[%clk 0:01:19]} 42. Bxe4 {[%clk 0:13:10]}  Rxd1+ {[%clk 0:33:48]} 43. Kc2 {[%clk 0:13:36]}  Nd5 {[%clk 0:25:33]} 44. Qe2 {[%clk 0:10:17]}  Qf1 {[%clk 0:25:15]} 0-1